Auditoría analítica (Record no. 144716)

MARC details
000 -LEADER
campo de control de longitud fija 00710nam a2200193 4500
001 - NÚMERO DE CONTROL
campo de control 144716
003 - IDENTIFICADOR DE NÚMERO DE CONTROL
campo de control ES-MaACL
005 - FECHA Y HORA DE LA ÚLTIMA TRANSACCIÓN
campo de control 20230906201100.0
007 - CAMPO FIJO DE DESCRIPCIÓN FÍSICA--INFORMACIÓN GENERAL
campo de control de longitud fija t|
008 - DATOS DE LONGITUD FIJA--INFORMACIÓN GENERAL
campo de control de longitud fija 070214s1971 sp r ||||1| spa d
100 1# - ENTRADA PRINCIPAL--NOMBRE DE PERSONA
Nombre de persona Skinner, R. M.
9 (RLIN) 106747
245 10 - MENCIÓN DEL TÍTULO
Título Auditoría analítica
Resto del título : la censura de cuentas mediante diágramas dinámicos /
Mención de responsabilidad, etc. R. M. Skinner y R. J. Anderson ; [traducción de José Luis Erro y Gonzalo Martínez Arteaga].
260 ## - PUBLICACIÓN, DISTRIBUCIÓN, ETC.
Lugar de publicación, distribución, etc. Salamanca :
Nombre del editor, distribuidor, etc. Anaya,
Fecha de publicación, distribución, etc. 1971 (
Lugar de fabricación/manufactura Madrid :
Fabricante Fareso)
300 ## - DESCRIPCIÓN FÍSICA
Extensión 200 p. :
Otras características físicas il. ;
Dimensiones 24 cm.
700 1# - ENTRADA AGREGADA--NOMBRE PERSONAL
Nombre de persona Anderson, R. J.
9 (RLIN) 21466
700 1# - ENTRADA AGREGADA--NOMBRE PERSONAL
Nombre de persona Erro, José Luis.
9 (RLIN) 47434
700 1# - ENTRADA AGREGADA--NOMBRE PERSONAL
Nombre de persona Martínez Arteaga, Gonzalo.
9 (RLIN) 77869
852 ## - LOCALIZACIÓN
Ubicación ES-MaACL
Número de control de estantería C-41076
Sublocalización o colección R.79908
Holdings
Estatus retirado Estado de pérdida Estado de daño No para préstamo Biblioteca de origen Biblioteca actual Ubicación en estantería Fecha de adquisición Fuente de adquisición Total de préstamos Signatura topográfica completa Código de barras Visto por última vez Precio de reemplazo Tipo de ítem Koha
        Biblioteca del Ateneo de Madrid Biblioteca del Ateneo de Madrid Depósito 2 17/01/2008     C-41076 1150900 23/02/2023 23/02/2023 Libro impreso